Statistics for Important Characters in the Cosmere

Click here to take the quiz!

General Stats

  • This quiz has been taken 62 times
  • The average score is 48 of 114

Answer Stats

HintAnswer% Correct
MistbornVin
96%
MistbornKelsier
94%
Stormlight ArchiveDalinar
92%
Stormlight ArchiveKaladin
92%
Stormlight ArchiveAdolin
90%
MistbornElend
86%
Stormlight ArchiveShallan
86%
MistbornSazed
84%
MistbornHam
80%
MistbornWax
80%
MistbornWayne
80%
Elantris | Mistborn | WarbreakerHoid
78%
Stormlight ArchiveJasnah
78%
Stormlight ArchiveRenarin
78%
MistbornBreeze
76%
WarbreakerVasher
76%
Stormlight ArchiveNavani
75%
MistbornSpook
75%
Stormlight ArchiveTeft
73%
Stormlight ArchiveRock
71%
Stormlight ArchiveSyl
71%
Stormlight ArchiveSzeth
71%
Stormlight ArchiveOdium
67%
MistbornRuin
67%
WarbreakerSiri
67%
WarbreakerVivenna
67%
Stormlight ArchiveCultivation
65%
MistbornLord Ruler
65%
Stormlight ArchiveSadeas
65%
Stormlight ArchiveGavilar
63%
Stormlight ArchiveHonor
63%
ElantrisRaoden
63%
Stormlight ArchivePattern
61%
MistbornDockson
59%
Stormlight ArchiveLift
59%
Stormlight ArchiveLopen
59%
Stormlight ArchiveTaravangian
59%
MistbornPreservation
57%
MistbornClubs
55%
MistbornMarsh
55%
Stormlight ArchiveMoash
55%
MistbornSteris
55%
Stormlight ArchiveStormfather
55%
MistbornHarmony
53%
WarbreakerLightSong
53%
MistbornTenSoon
53%
Stormlight ArchiveAmaram
49%
Stormlight ArchiveElhokar
49%
Stormlight ArchiveEshonai
49%
ElantrisSarene
49%
Stormlight ArchiveVenli
47%
Stormlight ArchiveWit
45%
ElantrisHrathen
43%
Stormlight ArchiveRysn
41%
MistbornStraff
41%
MistbornMeLaan
39%
MistbornOreSeur
39%
Stormlight ArchiveRlain
39%
WarbreakerBlushWeaver
37%
WarbreakerSusebron
37%
WarbreakerDenth
35%
Stormlight ArchiveSigzil
35%
Stormlight ArchiveSkar
33%
ElantrisGalladon
31%
Stormlight ArchiveDrehy
29%
Stormlight ArchiveTien
29%
MistbornCett
27%
Stormlight ArchiveRaboniel
27%
Stormlight ArchiveAsh
25%
MistbornDemoux
25%
Stormlight ArchiveIalai
25%
Stormlight ArchiveLeshwi
25%
Stormlight ArchiveMraize
25%
MistbornAllrianne
24%
Stormlight ArchiveDabbid
24%
Stormlight ArchiveLirin
24%
Stormlight ArchiveSibling
24%
MistbornTindwyl
24%
Stormlight ArchiveWyndle
24%
MistbornAlendi
20%
WarbreakerTonk Fah
20%
WarbreakerGod King
18%
MistbornYomen
18%
MistbornAllik
16%
ElantrisDilaf
16%
MistbornHuman
16%
Stormlight ArchiveIshar
16%
WarbreakerBluefingers
14%
Stormlight ArchiveHobber
14%
Stormlight ArchiveHuio
14%
MistbornMiles
14%
MistbornTelsin
14%
Stormlight ArchiveHesina
12%
Stormlight ArchiveLeyten
12%
MistbornTrell
12%
Stormlight ArchiveDesign
10%
MistbornEdwarn
10%
Stormlight ArchiveLyn
10%
MistbornPaalm
10%
Stormlight ArchivePursuer
10%
MistbornJak
8%
MistbornKwaan
8%
MistbornAradel
6%
ElantrisAshe
6%
Stormlight ArchiveCord
6%
ElantrisIadon
6%
ElantrisKarata
6%
Stormlight ArchiveVstim
4%
ElantrisIen
2%
Stormlight ArchiveYanagawn
2%
Stormlight ArchiveBisig
0%
MistbornBloody Tan
0%

Score Distribution

Percentile by Number Answered

Percent of People with Each Score

Your Score History

You have not taken this quiz